| 000 | 00542nam a2200217 a 4500 | ||
|---|---|---|---|
| 999 |
_c627 _d627 |
||
| 008 | 190927s2004 xxk||||g |||| 001 0 eng d | ||
| 020 |
_a9788188452347 _cRs. 100.00 |
||
| 040 |
_aKO _beng |
||
| 041 | 0 | _aeng | |
| 044 | _aii | ||
| 082 | 0 | 4 |
_223 _a650.1 _bH5501 |
| 100 | 1 | _aHill, Napoleon | |
| 245 | 1 | 0 |
_aThink And Grow Rich / _cNapoleon Hill |
| 260 |
_aMumbai : _bEmbassy Books, _c2004 |
||
| 300 |
_axvii, 304 p. ; _c18 cm. |
||
| 650 | 0 | _aFinance, Personal | |
| 650 | 0 | _aSuccess in business | |
| 904 | _aS_JOY | ||
| 942 | _cBK | ||